<?xml version="1.0" encoding="UTF-8"?>
<record
    xmlns:xsi="http://www.w3.org/2001/XMLSchema-instance"
    xsi:schemaLocation="http://www.loc.gov/MARC21/slim http://www.loc.gov/standards/marcxml/schema/MARC21slim.xsd"
    xmlns="http://www.loc.gov/MARC21/slim">

  <leader>03494cam a2200385 a 4500</leader>
  <controlfield tag="001">15338358</controlfield>
  <controlfield tag="003">EG-ScBUE</controlfield>
  <controlfield tag="005">20220407095854.0</controlfield>
  <controlfield tag="008">080620r20142008enka   f b    001 0 eng d</controlfield>
  <datafield tag="020" ind1=" " ind2=" ">
    <subfield code="a">0521709180 (pbk.)</subfield>
  </datafield>
  <datafield tag="020" ind1=" " ind2=" ">
    <subfield code="a">9780521709187 (pbk.)</subfield>
  </datafield>
  <datafield tag="035" ind1=" " ind2=" ">
    <subfield code="a">(OCoLC)ocn166626226</subfield>
  </datafield>
  <datafield tag="040" ind1=" " ind2=" ">
    <subfield code="a">UKM</subfield>
    <subfield code="b">eng</subfield>
    <subfield code="e">rda</subfield>
    <subfield code="c">UKM</subfield>
    <subfield code="d">EG-ScBUE </subfield>
    <subfield code="d">EG-ScBUE</subfield>
  </datafield>
  <datafield tag="082" ind1="0" ind2="4">
    <subfield code="a">410.151</subfield>
    <subfield code="b">BAA</subfield>
    <subfield code="2">22</subfield>
  </datafield>
  <datafield tag="100" ind1="1" ind2=" ">
    <subfield code="a">Baayen, R. Harald&#x200F;,</subfield>
    <subfield code="e">author.</subfield>
    <subfield code="9">41186</subfield>
  </datafield>
  <datafield tag="245" ind1="1" ind2="0">
    <subfield code="a">Analyzing linguistic data :</subfield>
    <subfield code="b">a practical introduction to statistics using R /</subfield>
    <subfield code="c">R. H. Baayen.</subfield>
  </datafield>
  <datafield tag="250" ind1=" " ind2=" ">
    <subfield code="a">Seventh printing.</subfield>
  </datafield>
  <datafield tag="264" ind1=" " ind2="1">
    <subfield code="a">Cambridge :</subfield>
    <subfield code="b">Cambridge University Press,</subfield>
    <subfield code="c">2014.</subfield>
  </datafield>
  <datafield tag="300" ind1=" " ind2=" ">
    <subfield code="a">xiii, 353 pages :</subfield>
    <subfield code="b">illustrations ;</subfield>
    <subfield code="c">26 cm</subfield>
  </datafield>
  <datafield tag="336" ind1=" " ind2=" ">
    <subfield code="2">rdacontent</subfield>
    <subfield code="a">text</subfield>
    <subfield code="b">txt</subfield>
  </datafield>
  <datafield tag="337" ind1=" " ind2=" ">
    <subfield code="2">rdamedia</subfield>
    <subfield code="a">unmediated</subfield>
    <subfield code="b">n</subfield>
  </datafield>
  <datafield tag="338" ind1=" " ind2=" ">
    <subfield code="2">rdacarrier</subfield>
    <subfield code="a">volume</subfield>
    <subfield code="b">nc</subfield>
  </datafield>
  <datafield tag="504" ind1=" " ind2=" ">
    <subfield code="a">Includes bibliographical references and index.
</subfield>
  </datafield>
  <datafield tag="505" ind1=" " ind2=" ">
    <subfield code="a">1. An introduction to R: 1.1. R as a calculator --  1.2. Getting data into and out of R -- 1.3. Accessing information in data frames -- 1.4. Operations on data frames -- 1.5. Session management -- 2. Graphical data exploration: 2.1. Random variables -- 2.2. Visualizing single random variables -- 2.3. Visualizing two or more variables -- 2.4. Trellis graphics --
3. Probability distributions: 3.1. Distributions -- 3.2. Discrete distributions -- 3.3. Continuous distributions -- 4. Basic statistical methods: 4.1. Tests for single vectors -- 4.2. Tests for two independent vectors -- 4.3. Paired vectors -- 4.4. A numerical vector and a factor: analysis of variance -- 4.5. Two vectors with counts -- 4.6. A note on statistical significance --
5. Clustering and classification: 5.1. Clustering -- 5.2. Classification -- 6. Regression modeling: 6.1. Introduction --
6.2. Ordinary least squares regression -- 6.3. Generalized linear models -- 6.4. Regression with breakpoints -- 6.5. Models for lexical richness -- 6.6. General considerations -- 7. Mixed models: 7.1. Modeling data with fixed and random effects --
7.2. comparison with traditional analyses -- 7.3. Shrinkage in mixed-effects models -- 7.4. Generalized linear mixed models --
7.5. Case studies.</subfield>
  </datafield>
  <datafield tag="520" ind1=" " ind2=" ">
    <subfield code="a">"This textbook provides a straightforward introduction to the statistical analysis of language data. It clearly introduces the basic principles and methods of statistical analysis, using R, the leading computational statistics programming environment. The reader is guided step-by-step through a range of real data sets, allowing them to analyze phonetic data, construct phylogenetic trees, quantify register variation in corpus linguistics, and analyze experimental data using state-of-the-art models. The visualization of data plays a key role, both in the early stages of data exploration and later on when the reader is encouraged to criticize initial models fitted to the data. Containing over forty exercises with model answers, this book will be welcomed by all linguists wishing to learn more about working with and presenting quantitative data."</subfield>
  </datafield>
  <datafield tag="650" ind1=" " ind2="7">
    <subfield code="a">Mathematical linguistics.</subfield>
    <subfield code="2">BUEsh</subfield>
    <subfield code="9">41185</subfield>
  </datafield>
  <datafield tag="650" ind1=" " ind2="7">
    <subfield code="a">Linguistics </subfield>
    <subfield code="x">Statistical methods.</subfield>
    <subfield code="2">BUEsh</subfield>
    <subfield code="9">41184</subfield>
  </datafield>
  <datafield tag="650" ind1=" " ind2="7">
    <subfield code="a">Computational linguistics.</subfield>
    <subfield code="2">BUEsh</subfield>
    <subfield code="9">4459</subfield>
  </datafield>
  <datafield tag="650" ind1=" " ind2="7">
    <subfield code="a">R (Computer program language).</subfield>
    <subfield code="9">20132</subfield>
    <subfield code="2">BUEsh</subfield>
  </datafield>
  <datafield tag="651" ind1=" " ind2=" ">
    <subfield code="2">BUEsh</subfield>
  </datafield>
  <datafield tag="653" ind1=" " ind2=" ">
    <subfield code="b">HHUUEENN</subfield>
    <subfield code="c">September2016</subfield>
    <subfield code="c">October2018</subfield>
  </datafield>
  <datafield tag="655" ind1=" " ind2=" ">
    <subfield code="v">Reading book</subfield>
    <subfield code="9">34232</subfield>
  </datafield>
  <datafield tag="856" ind1="4" ind2="1">
    <subfield code="3">Table of contents only</subfield>
    <subfield code="u">http://www.loc.gov/catdir/toc/fy0805/2008299641.html</subfield>
  </datafield>
  <datafield tag="942" ind1=" " ind2=" ">
    <subfield code="2">ddc</subfield>
    <subfield code="c">BB</subfield>
  </datafield>
  <datafield tag="999" ind1=" " ind2=" ">
    <subfield code="c">22388</subfield>
    <subfield code="d">22360</subfield>
  </datafield>
  <datafield tag="952" ind1=" " ind2=" ">
    <subfield code="0">0</subfield>
    <subfield code="1">0</subfield>
    <subfield code="2">ddc</subfield>
    <subfield code="4">0</subfield>
    <subfield code="7">0</subfield>
    <subfield code="8">Baccah</subfield>
    <subfield code="a">MAIN</subfield>
    <subfield code="b">MAIN</subfield>
    <subfield code="c">2ND</subfield>
    <subfield code="d">2016-09-25</subfield>
    <subfield code="e">Purchase</subfield>
    <subfield code="g">380.00</subfield>
    <subfield code="h">26103</subfield>
    <subfield code="l">3</subfield>
    <subfield code="m">2</subfield>
    <subfield code="o">410.151 BAA</subfield>
    <subfield code="p">000033433</subfield>
    <subfield code="r">2025-07-15 00:00:00</subfield>
    <subfield code="s">2023-05-20</subfield>
    <subfield code="v">476.00</subfield>
    <subfield code="y">NB</subfield>
  </datafield>
  <datafield tag="952" ind1=" " ind2=" ">
    <subfield code="0">0</subfield>
    <subfield code="1">0</subfield>
    <subfield code="2">ddc</subfield>
    <subfield code="4">0</subfield>
    <subfield code="7">0</subfield>
    <subfield code="8">Baccah</subfield>
    <subfield code="a">MAIN</subfield>
    <subfield code="b">MAIN</subfield>
    <subfield code="c">2ND</subfield>
    <subfield code="d">2018-10-31</subfield>
    <subfield code="e">Purchase</subfield>
    <subfield code="g">750.00</subfield>
    <subfield code="l">1</subfield>
    <subfield code="m">3</subfield>
    <subfield code="o">410.151 BAA</subfield>
    <subfield code="p">000043715</subfield>
    <subfield code="r">2025-07-15 00:00:00</subfield>
    <subfield code="s">2023-05-20</subfield>
    <subfield code="y">BB</subfield>
  </datafield>
</record>
